Internet ako moderný komunikačný kanál

Charakteristika internetu. Využitie internetu. Klasické a moderné spôsoby komunikácie. Oblasti využitia internetu. Využitie internetu vo verejnej správe. Hlavné prínosy informatitácie verejnej správy.

Gespeichert in:
Bibliographische Detailangaben
1. Verfasser: Krauszová, Andrea
Weitere Verfasser: Szombathyová, Edita
Format: Buchkapitel
Sprache:Slowakisch
Schlagworte:
Tags: Tag hinzufügen
Keine Tags, Fügen Sie das erste Tag hinzu!

MARC

LEADER 00000naa$a2200000$$$4500
001 0066600
005 20230918071319.8
041 0 |a slo 
044 |a SK 
245 1 0 |a Internet ako moderný komunikačný kanál  |c Andrea Krauszová, Edita Szombathyová 
520 |a Charakteristika internetu. Využitie internetu. Klasické a moderné spôsoby komunikácie. Oblasti využitia internetu. Využitie internetu vo verejnej správe. Hlavné prínosy informatitácie verejnej správy. 
610 2 0 |a internet 
610 2 0 |a správa verejná 
610 2 0 |a komunikácia 
610 2 0 |a komunikácia elektronická 
610 2 0 |a informatizácia 
100 1 |a Krauszová, Andrea 
700 1 |a Szombathyová, Edita